00344 2200145 4500001002100000005001500021035002000036245004800056100001800104300001100122260003100133082000800164084001400172990001200186INLIS00000000000229920250528084201 a0010-05250005911 a90 Menit Bersama Confucius /cPaul Stratern0 aPaul Stratern a67 hlm aJakarta :bErlangga,c2001 a100 a100 PAU s a0713087